|
|
|
|
| LEADER |
00000nab a2200000 a 4500 |
| 001 |
vtls000782338 |
| 003 |
SK-MaSNL |
| 005 |
20260304112251.0 |
| 008 |
250429c2001 xo 0 slo |
| 015 |
|
|
|a SNBRB2002/02-04206
|
| 035 |
|
|
|a CLN000134057
|
| 035 |
|
|
|a urn:nbn:sk:snk-ab32pd
|
| 035 |
|
|
|a (urnnbn)urn:nbn:sk:snk:ar-a05pbe
|
| 035 |
|
|
|a (uuid)31f76ddd-cf4e-4871-b026-0bb341010950
|
| 040 |
|
|
|a SNKBUCL
|b slo
|c SNKBUCL
|e AACR2
|
| 041 |
0 |
|
|a slo
|
| 044 |
|
|
|a xo
|c SK
|
| 080 |
|
|
|a 616.12:061.22(437.6)
|2 1997
|
| 245 |
0 |
0 |
|a Informačný list Slovenskej kardiologickej spoločnosti - rok 2002
|
| 610 |
|
7 |
|a Slovenská kardiologická spoločnosť
|2 snkbucl
|9 16566
|
| 655 |
|
7 |
|a články z novín a časopisov
|2 snkbucl
|9 267496
|
| 773 |
0 |
|
|t Kardiológia
|g Roč. 10, č. 6 (2001)
|g S. K/C 129
|x 1210-0048
|x 1210-0048
|
| 773 |
0 |
|
|t [Príl.] Informácie SKS, SHS a PSNK
|g Roč. 10, č. 6 (2001)
|g S. K/C 129
|x 1210-0048
|x 1210-0048
|
| 850 |
|
|
|a Slovenská národná knižnica
|
| 852 |
|
|
|a Slovenská národná knižnica
|
| 958 |
|
|
|a article27
|
| 958 |
|
|
|a OND
|
| 958 |
|
|
|a MI
|
| 958 |
|
|
|a SK
|
| 999 |
|
|
|c 2864950
|d 2866880
|